Catálogo público

Costos de producción en las zonas de riego y zonas de temporal, correspondientes en ambos casos a los ciclos agrícolas 1977-198 y 1978-1979 / (Record no. 175012)

MARC details
000 -CABECERA
campo de control de longitud fija 00878nam a2200253Ia 4500
001 - NÚMERO DE CONTROL
campo de control dia_4366
003 - IDENTIFICADOR DEL NÚMERO DE CONTROL
campo de control CHAP
005 - FECHA Y HORA DE LA ÚLTIMA TRANSACCIÓN
campo de control 20230111182548.0
007 - CAMPO FIJO DE DESCRIPCIÓN FÍSICA--INFORMACIÓN GENERAL
campo de control de longitud fija ta
008 - DATOS DE LONGITUD FIJA--INFORMACIÓN GENERAL
campo de control de longitud fija 220117s1979 mx f 000 0 spa d
010 ## - NÚMERO DE CONTROL DE LA BIBLIOTECA DEL CONGRESO
Número de control de LC 175012
040 ## - FUENTE DE LA CATALOGACIÓN
Centro/agencia transcriptor CHAP
Centro catalogador/agencia de origen mxchpua
090 ## - LOCALMENTE ASIGNADO TIPO-LC NÚMERO DE CLASIFICACIÓN (OCLC); NÚMERO DE CLASIFICACIÓN LOCAL (RLIN)
Número de clasificación (OCLC) (R) ; Numero de clasificación, CALL (RLIN) (NR) FOLLETO 2271
100 1# - ENTRADA PRINCIPAL--NOMBRE DE PERSONA
Nombre de persona Confederación de asociaciones agrícolas del estado de Sinaloa
9 (RLIN) 155816
245 10 - MENCIÓN DE TÍTULO
Título Costos de producción en las zonas de riego y zonas de temporal, correspondientes en ambos casos a los ciclos agrícolas 1977-198 y 1978-1979 /
Mención de responsabilidad, etc. Confederación de asociaciones agrícolas del estado de Sinaloa
300 ## - DESCRIPCIÓN FÍSICA
Extensión 79 páginas
500 ## - NOTA GENERAL
Nota general S/c
650 13 - PUNTO DE ACCESO ADICIONAL DE MATERIA--TÉRMINO DE MATERIA
Término de materia o nombre geográfico como elemento de entrada Cultivos
Subdivisión general Costos
9 (RLIN) 151947
942 ## - ELEMENTOS DE PUNTO DE ACCESO ADICIONAL (KOHA)
Tipo de ítem Koha Folleto
Fuente del sistema de clasificación o colocación local
260 ## - PUBLICACIÓN, DISTRIBUCIÓN, ETC.
Lugar de publicación, distribución, etc. Sinaloa, México :
Nombre del editor, distribuidor, etc. El autor,
Fecha de publicación, distribución, etc. 1979
901 ## - ELEMENTOS DE DATOS A LOCAL LDA (RLIN)
a FOLLETO 2271
902 ## - ELEMENTOS DE DATOS B LOCAL, LDB (RLIN)
a M
905 ## - ELEMENTOS DE DATOS E LOCAL, LDE (RLIN)
a 0000001979 mx 0000000000spa00
Holdings
Estado de retiro Estado de pérdida Fuente del sistema de clasificación o colocación Estado dañado Restricciones de uso No para préstamo Código de colección Localización permanente Ubicación/localización actual Fecha de adquisición Total de préstamos Signatura topográfica completa Código de barras Fecha visto por última vez Número de copia Precio válido a partir de Tipo de ítem Koha
    Clasificación Universidad Autónoma de Chapingo   Préstamo interno   Folletos Ingenieria Agroindustrial Ingenieria Agroindustrial 18/01/2022   FOLLETO 2271 dia_FOLLETO 2271 18/01/2022 1 18/01/2022 Folleto